The wall street journal guide to information graphics : (Record no. 14541)
[ view plain ]
| 000 -LEADER | |
|---|---|
| fixed length control field | 00753nam a22002057a 4500 |
| 003 - CONTROL NUMBER IDENTIFIER | |
| control field | URS |
| 005 - DATE AND TIME OF LATEST TRANSACTION | |
| control field | 20220114171713.0 |
| 008 - FIXED-LENGTH DATA ELEMENTS--GENERAL INFORMATION | |
| fixed length control field | 170328b xxu||||| |||| 00| 0 eng d |
| 020 ## - INTERNATIONAL STANDARD BOOK NUMBER | |
| International Standard Book Number | 9780393072952 |
| 050 14 - LIBRARY OF CONGRESS CALL NUMBER | |
| Classification number | HF 5718.22 |
| Item number | W65 2010 |
| 100 ## - MAIN ENTRY--PERSONAL NAME | |
| Personal name | Wong, Dona, |
| Dates associated with a name | 2010- |
| Relator term | author |
| 245 ## - TITLE STATEMENT | |
| Title | The wall street journal guide to information graphics : |
| Remainder of title | the do's and don'ts of presenting data, facts, and figures / |
| Statement of responsibility, etc. | Dona M. Wong. |
| 264 #1 - PRODUCTION, PUBLICATION, DISTRIBUTION, MANUFACTURE, AND COPYRIGHT NOTICE | |
| Place of production, publication, distribution, manufacture | Wall Street, London ; |
| -- | W.W. London : |
| Name of producer, publisher, distributor, manufacturer | Dow Jones and Company Inc., |
| Date of production, publication, distribution, manufacture, or copyright notice | 2010. |
| 300 ## - PHYSICAL DESCRIPTION | |
| Extent | 157 pages : |
| Other physical details | illustrations ; |
| Dimensions | 24 cm |
| 336 ## - CONTENT TYPE | |
| Source | rdacontent |
| Content type term | text |
| 337 ## - MEDIA TYPE | |
| Source | rdamedia |
| Media type term | unmediated |
| 338 ## - CARRIER TYPE | |
| Source | rdacarrier |
| Carrier type term | volume |
| 650 #0 - SUBJECT ADDED ENTRY--TOPICAL TERM | |
| Source of heading or term | The wall street journal guide to information graphics. |
| 942 ## - ADDED ENTRY ELEMENTS (KOHA) | |
| Koha item type | Foreign Books |
| Source of classification or shelving scheme | Library of Congress Classification |
| Withdrawn status | Source of classification or shelving scheme | Damaged status | Not for loan | Collection code | Home library | Current library | Shelving location | Date acquired | Total Checkouts | Full call number | Barcode | Date last seen | Price effective from | Koha item type |
|---|---|---|---|---|---|---|---|---|---|---|---|---|---|---|
| Library of Congress Classification | Non-fiction | Binangonan College Library | Binangonan College Library | Foreign Section | 06/07/2023 | HF 5718.22 W65 2010 | URSBIN-01080 | 05/02/2016 | 09/11/2019 | Foreign Books |